[Event "Baltic Sea Cup"]
[Site "Ronne"]
[Date "2007.08.01"]
[Round "3.25"]
[White "Coleman, Teddy"]
[Black "Lardot, Derik"]
[Result "1-0"]
[WhiteElo "2239"]
[BlackElo "2034"]
[PlyCount "63"]
[EventDate "2007.07.30"]
[EventType "swiss"]
[EventRounds "9"]
[EventCountry "DEN"]
[SourceTitle "EXT 2023"]
[Source "ChessBase"]
[SourceDate "2022.10.05"]
[SourceVersion "1"]
[SourceVersionDate "2022.10.05"]
[SourceQuality "1"]

1. d4 d5 2. c4 Nc6 3. e3 e5 4. Nf3 Bg4 5. Be2 e4 6. Nfd2 Bxe2 7. Qxe2 Nb4 8. cxd5 Nc2+ 9. Kd1 Nxa1 10. Qb5+ Qd7 11. Qxb7 Rd8 12. Nc3 Nf6 13. b3 Nxd5 14. Bb2 Nxc3+ 15. Bxc3 Nxb3 16. axb3 f5 17. g4 c6 18. Qxd7+ Kxd7 19. gxf5 Re8 20. Rg1 g6 21. d5 Bd6 22. Bxh8 Rxh8 23. dxc6+ Kxc6 24. fxg6 hxg6 25. Rxg6 Kd5 26. Rg5+ Ke6 27. Nxe4 Bxh2 28. f4 Rh6 29. Ke2 a5 30. Rxa5 Rh4 31. Ng5+ Ke7 32. Nf3 1-0

[Event "FIN-ch Seniors"]
[Site "Finland"]
[Date "2007.??.??"]
[Round "8"]
[White "Korhonen, Erkki"]
[Black "Lardot, Derik"]
[Result "0-1"]
[WhiteElo "1978"]
[BlackElo "2025"]
[PlyCount "82"]
[EventDate "2007.??.??"]
[EventType "tourn"]
[EventRounds "9"]
[EventCountry "FIN"]
[SourceTitle "EXT 2010"]
[Source "ChessBase"]
[SourceDate "2010.11.25"]
[SourceVersion "1"]
[SourceVersionDate "2010.11.25"]
[SourceQuality "1"]

1. Nf3 d5 2. d4 Nc6 3. c4 Bg4 4. e3 e5 5. cxd5 Qxd5 6. Nc3 Bb4 7. Be2 exd4 8. 0-0 Bxc3 9. bxc3 d3 10. e4 Qd7 11. Qxd3 Qxd3 12. Bxd3 Bxf3 13. gxf3 0-0-0 14. Be2 Nf6 15. Kh1 h6 16. Rb1 a6 17. Be3 g5 18. Rb2 Rhe8 19. Rfb1 Na5 20. Bxa6 bxa6 21. Rb8+ Kd7 22. Rd1+ Ke7 23. Bc5+ Rd6 24. Rxe8+ Nxe8 25. e5 Nc4 26. exd6+ cxd6 27. Re1+ Kd7 28. Bd4 Nc7 29. Kg2 Ne6 30. Kg3 f5 31. h4 Nf4 32. hxg5 hxg5 33. Rh1 Ne2+ 34. Kg2 Nf4+ 35. Kg3 Ne2+ 36. Kg2 Nf4+ 37. Kf1 Nd2+ 38. Ke1 Nxf3+ 39. Kd1 Kc6 40. Be3 Ne6 41. Ke2 g4 0-1

[Event "FIN-ch Seniors"]
[Site "Finland"]
[Date "2007.??.??"]
[Round "5"]
[White "Lardot, Derik"]
[Black "Kanko, Ilkka"]
[Result "0-1"]
[WhiteElo "2025"]
[BlackElo "2243"]
[PlyCount "100"]
[EventDate "2007.??.??"]
[EventType "tourn"]
[EventRounds "9"]
[EventCountry "FIN"]
[SourceTitle "EXT 2010"]
[Source "ChessBase"]
[SourceDate "2010.11.25"]
[SourceVersion "1"]
[SourceVersionDate "2010.11.25"]
[SourceQuality "1"]

1. e4 e6 2. Qe2 e5 3. d3 Nc6 4. f4 d6 5. Nc3 Nf6 6. h3 Be7 7. fxe5 dxe5 8. Bg5 Nxe4 9. Bxe7 Nxc3 10. Bxd8 Nxe2 11. Nxe2 Nxd8 12. Nc3 Ne6 13. g3 0-0 14. Bg2 c6 15. 0-0 Nd4 16. Rf2 Be6 17. Re1 f6 18. a3 Rad8 19. Kh2 b6 20. g4 c5 21. a4 c4 22. Bf1 cxd3 23. Bxd3 Nc6 24. Rd1 Nb4 25. Rfd2 Nxd3 26. Rxd3 Rxd3 27. Rxd3 Rc8 28. Kg3 Kf7 29. Rd2 Ke7 30. Kf3 Rc4 31. Ke3 h5 32. Rg2 hxg4 33. hxg4 Rxg4 34. Rxg4 Bxg4 35. Nb5 Bd7 36. Nxa7 f5 37. c4 g5 38. b4 g4 39. Nb5 f4+ 40. Ke2 Bxb5 41. cxb5 Kd6 42. a5 bxa5 43. bxa5 Kc5 44. b6 Kc6 45. Kf2 e4 46. Kf1 e3 47. Ke2 Kb7 48. Kf1 f3 49. Ke1 g3 50. Kf1 Ka6 0-1

[Event "Vantaa We EtVaS"]
[Site "Vantaa"]
[Date "2006.05.07"]
[Round "5"]
[White "Lardot, Derik"]
[Black "Suuronen, Petri"]
[Result "0-1"]
[WhiteElo "2034"]
[BlackElo "1943"]
[PlyCount "158"]
[EventDate "2006.05.06"]
[EventType "swiss"]
[EventRounds "5"]
[EventCountry "FIN"]
[SourceTitle "EXT 2022"]
[Source "ChessBase"]
[SourceDate "2021.10.06"]
[SourceVersion "1"]
[SourceVersionDate "2021.10.06"]
[SourceQuality "1"]

1. e4 d6 2. d4 Nf6 3. Bd3 e5 4. Nf3 Nbd7 5. c3 c6 6. Qe2 b5 7. a4 bxa4 8. dxe5 dxe5 9. Be3 Ng4 10. Bg5 Be7 11. Bxe7 Qxe7 12. Rxa4 Nc5 13. Ra5 0-0 14. Bc2 Nb7 15. Ra3 a5 16. h3 Nf6 17. 0-0 Nd6 18. Nbd2 Ba6 19. Bd3 Bxd3 20. Qxd3 Rab8 21. Qc2 c5 22. Rfa1 Qc7 23. Ra4 Nd7 24. b3 h6 25. Qa2 Nb7 26. Nc4 Nb6 27. Nxb6 Qxb6 28. Nxe5 Qe6 29. Nc4 Rfd8 30. Qc2 Rd7 31. Nxa5 Nxa5 32. Rxa5 Rbd8 33. Ra8 Qd6 34. g3 Qf6 35. Rxd8+ Qxd8 36. c4 Kh7 37. Re1 Rd2 38. Qb1 Qd4 39. Rf1 g6 40. Qe1 Rd3 41. Kg2 Rxb3 42. Qe2 Rb2 43. Qf3 Qxc4 44. Re1 Rb7 45. e5 Re7 46. e6 fxe6 47. Qf6 Qd5+ 48. Kg1 Qd6 49. Re4 Qd7 50. Rg4 Rg7 51. Re4 Re7 52. Rg4 Rg7 53. Re4 Rf7 54. Qxe6 Qxe6 55. Rxe6 Rc7 56. Re3 Kg7 57. Kf1 Kf6 58. Rc3 Ke5 59. Ke2 Kd4 60. Rd3+ Kc4 61. Rd6 Rg7 62. Kd2 h5 63. h4 g5 64. hxg5 Rxg5 65. Rh6 Rd5+ 66. Ke3 Kb5 67. f4 c4 68. Ke4 Kc5 69. Rh8 Rd4+ 70. Ke5 Rd5+ 71. Kf6 c3 72. f5 Kb4 73. Rxh5 c2 74. Ke6 Rd1 75. Rh8 c1Q 76. Rb8+ Ka5 77. Ra8+ Kb6 78. Rb8+ Kc7 79. Rf8 Qh6+ 0-1

[Event "Vantaa We EtVaS"]
[Site "Vantaa"]
[Date "2006.05.06"]
[Round "3"]
[White "Lardot, Derik"]
[Black "Kurkijarvi, Mikko"]
[Result "0-1"]
[WhiteElo "2034"]
[BlackElo "1962"]
[PlyCount "82"]
[EventDate "2006.05.06"]
[EventType "swiss"]
[EventRounds "5"]
[EventCountry "FIN"]
[SourceTitle "EXT 2022"]
[Source "ChessBase"]
[SourceDate "2021.10.06"]
[SourceVersion "1"]
[SourceVersionDate "2021.10.06"]
[SourceQuality "1"]

1. e4 e5 2. d4 exd4 3. Qxd4 Nc6 4. Qa4 Bc5 5. Nf3 Nf6 6. Bb5 0-0 7. 0-0 Re8 8. Nc3 h6 9. h3 Qe7 10. Nd5 Nxd5 11. exd5 Ne5 12. Qe4 a6 13. Bd3 Nxd3 14. Qxd3 Qf6 15. Bd2 d6 16. c4 Qxb2 17. Rab1 Qf6 18. Rbe1 Bf5 19. Qb3 b6 20. Bc3 Qg6 21. Nh4 Qh5 22. Nxf5 Qxf5 23. Qb2 Qg5 24. Rd1 Re4 25. Rd3 Rae8 26. Kh1 Re2 27. Bd2 Qe5 28. Qc1 Rxf2 29. Bc3 Qg5 30. Rg1 Ree2 31. Qxg5 hxg5 32. a4 Rf4 33. Rb1 a5 34. Bd2 Rff2 35. Bxg5 Rxg2 36. Bf4 g5 37. Bg3 f5 38. Rf1 f4 39. Rdf3 Rxg3 40. h4 gxh4 41. Rxg3+ hxg3 0-1

[Event "FIN-chT1C 0506"]
[Site "Finland"]
[Date "2005.11.12"]
[Round "4.4"]
[White "Herranen, Matti"]
[Black "Lardot, Derik"]
[Result "1/2-1/2"]
[WhiteElo "2007"]
[BlackElo "2067"]
[PlyCount "53"]
[EventDate "2005.09.17"]
[EventType "team-tourn"]
[EventRounds "7"]
[EventCountry "FIN"]
[SourceTitle "EXT 2022"]
[Source "ChessBase"]
[SourceDate "2021.10.06"]
[SourceVersion "1"]
[SourceVersionDate "2021.10.06"]
[SourceQuality "1"]
[WhiteTeam "Jyvaskyla JyS II"]
[BlackTeam "Oulu OSS"]
[WhiteTeamCountry "FIN"]
[BlackTeamCountry "FIN"]

1. e4 e5 2. Nf3 Nc6 3. Bb5 f5 4. Nc3 fxe4 5. Nxe4 d5 6. Nxe5 dxe4 7. Nxc6 Qg5 8. Qe2 Nf6 9. Nxa7+ Kd8 10. Nxc8 Qxg2 11. Qf1 Qxf1+ 12. Bxf1 Kxc8 13. Rg1 g6 14. d4 exd3 15. Bxd3 Bd6 16. Rg2 Ra4 17. Bg5 Re8+ 18. Kf1 Rf8 19. a3 Nd5 20. Re1 Nf4 21. Bxf4 Raxf4 22. Re4 R4f6 23. Re2 Rf3 24. Be4 Rh3 25. f3 Rh4 26. c4 c5 27. Ke1 1/2-1/2

[Event "FIN-chT1C 0506"]
[Site "Finland"]
[Date "2005.09.18"]
[Round "2.6"]
[White "Kauko, Pekka"]
[Black "Lardot, Derik"]
[Result "1-0"]
[WhiteElo "2084"]
[BlackElo "2067"]
[PlyCount "127"]
[EventDate "2005.09.17"]
[EventType "team-tourn"]
[EventRounds "7"]
[EventCountry "FIN"]
[SourceTitle "EXT 2022"]
[Source "ChessBase"]
[SourceDate "2021.10.06"]
[SourceVersion "1"]
[SourceVersionDate "2021.10.06"]
[SourceQuality "1"]
[WhiteTeam "Vammala SK"]
[BlackTeam "Oulu OSS"]
[WhiteTeamCountry "FIN"]
[BlackTeamCountry "FIN"]

1. c4 Nf6 2. g3 d5 3. cxd5 Nxd5 4. Bg2 c6 5. d4 g6 6. e4 Nc7 7. Nc3 Bg7 8. Be3 0-0 9. Qd2 Re8 10. Nge2 e5 11. Rd1 exd4 12. Bxd4 Ne6 13. Bxg7 Qxd2+ 14. Rxd2 Kxg7 15. 0-0 Nf8 16. h3 Be6 17. b3 f6 18. f4 Na6 19. Rfd1 Rac8 20. Nd4 Bg8 21. f5 g5 22. h4 h6 23. hxg5 hxg5 24. Nf3 Re7 25. e5 fxe5 26. Nxg5 Nc5 27. Nge4 Nxe4 28. Nxe4 Nh7 29. Rd6 Bd5 30. f6+ Nxf6 31. Nxf6 Bxg2 32. Kxg2 Rf7 33. Nh5+ Kf8 34. Rd7 Rc7 35. Rxc7 Rxc7 36. Re1 Rd7 37. Kf3 Rd5 38. Nf6 Rd3+ 39. Re3 Rd2 40. a4 Kf7 41. Ng4 Rb2 42. Nxe5+ Kf6 43. Ke4 Rc2 44. Nc4 b5 45. axb5 cxb5 46. Na3 Rc5 47. Kd4 Rg5 48. b4 a6 49. Nb1 Rg4+ 50. Kc3 Rc4+ 51. Kb3 Rc1 52. Nc3 Ra1 53. Re8 Rg1 54. Ra8 Rxg3 55. Rxa6+ Ke5 56. Rc6 Kd4 57. Rd6+ Ke5 58. Rd5+ Ke6 59. Rxb5 Kd6 60. Rc5 Rh3 61. Rc4 Rf3 62. b5 Kd7 63. Kb4 Rf5 64. b6 1-0

[Event "FIN-chT1C 0506"]
[Site "Finland"]
[Date "2005.09.17"]
[Round "1.6"]
[White "Lardot, Derik"]
[Black "Hakanen, Tuomo"]
[Result "0-1"]
[WhiteElo "2067"]
[BlackElo "1998"]
[PlyCount "80"]
[EventDate "2005.09.17"]
[EventType "team-tourn"]
[EventRounds "7"]
[EventCountry "FIN"]
[SourceTitle "EXT 2022"]
[Source "ChessBase"]
[SourceDate "2021.10.06"]
[SourceVersion "1"]
[SourceVersionDate "2021.10.06"]
[SourceQuality "1"]
[WhiteTeam "Oulu OSS"]
[BlackTeam "Pori PSY"]
[WhiteTeamCountry "FIN"]
[BlackTeamCountry "FIN"]

1. e4 e6 2. d4 b6 3. Bd3 Bb7 4. Nf3 Nc6 5. 0-0 Nb4 6. Re1 Nxd3 7. Qxd3 Ne7 8. c4 Ng6 9. e5 Bb4 10. Bd2 Bxd2 11. Nbxd2 0-0 12. Ne4 d5 13. exd6 cxd6 14. Qe3 d5 15. cxd5 Qxd5 16. h4 Rac8 17. Nc3 Qh5 18. Ne4 Nxh4 19. Nxh4 Qxh4 20. Nd6 Rc7 21. Nxb7 Rxb7 22. Qe5 Rd7 23. Re4 Qh6 24. Qg3 Rd5 25. Rh4 Qd2 26. Rg4 g6 27. Qe3 Qxb2 28. Rc1 Rh5 29. g3 Qxa2 30. Rh4 Rxh4 31. gxh4 Qd5 32. Kh2 Rd8 33. Rg1 Qxd4 34. Qg3 Qd6 35. f4 Qc5 36. Rg2 a5 37. Qf3 Qf5 38. h5 Rd5 39. Rg5 Qc2+ 40. Kh1 Qd1+ 0-1

[Event "Heart of Finland op 15th"]
[Site "Jyvaskyla"]
[Date "2005.07.??"]
[Round "1"]
[White "Kulaots, Kaido"]
[Black "Lardot, Derik"]
[Result "1-0"]
[WhiteElo "2379"]
[BlackElo "2061"]
[PlyCount "85"]
[EventDate "2005.07.18"]
[EventType "swiss"]
[EventRounds "10"]
[EventCountry "FIN"]
[SourceTitle "EXT 2022"]
[Source "ChessBase"]
[SourceDate "2021.10.06"]
[SourceVersion "1"]
[SourceVersionDate "2021.10.06"]
[SourceQuality "1"]

1. e4 e5 2. Nf3 Nc6 3. Bb5 f5 4. d3 d6 5. c3 fxe4 6. dxe4 Nf6 7. 0-0 Bg4 8. Nbd2 Qd7 9. a4 a6 10. Be2 Be7 11. Nc4 0-0 12. Ne3 Bxf3 13. Bxf3 Nd8 14. g3 Ne6 15. Bg2 Kh8 16. Nf5 g6 17. Nxe7 Qxe7 18. a5 Rad8 19. Qe2 Rf7 20. b4 Qf8 21. Be3 h6 22. f4 exf4 23. gxf4 c6 24. f5 gxf5 25. Rxf5 Qg7 26. Raf1 Rdf8 27. Qf2 Kg8 28. Bc1 Ng4 29. Qh4 h5 30. Qxh5 Ne5 31. Bh6 Rxf5 32. exf5 Qg4 33. Qxg4+ Nxg4 34. Bxf8 Nxf8 35. Rd1 d5 36. Re1 Kf7 37. Bf3 Nf6 38. Kf2 N6d7 39. Kg3 b6 40. axb6 Nxb6 41. Ra1 Nfd7 42. Rxa6 Kf6 43. Kf4 1-0

[Event "Naantali Summer op"]
[Site "Naantali"]
[Date "2005.07.??"]
[Round "5"]
[White "Lardot, Derik"]
[Black "Nisula, Timo"]
[Result "1-0"]
[WhiteElo "2061"]
[BlackElo "1985"]
[PlyCount "69"]
[EventDate "2005.07.04"]
[EventType "swiss"]
[EventRounds "9"]
[EventCountry "FIN"]
[SourceTitle "EXT 2022"]
[Source "ChessBase"]
[SourceDate "2021.10.06"]
[SourceVersion "1"]
[SourceVersionDate "2021.10.06"]
[SourceQuality "1"]

1. e4 e5 2. d4 exd4 3. Qxd4 Nc6 4. Qa4 Nf6 5. Bg5 Be7 6. Nc3 0-0 7. 0-0-0 d6 8. Bb5 Bd7 9. f3 a6 10. Bxc6 Bxc6 11. Qd4 Nd7 12. Bxe7 Qxe7 13. Nge2 Rfe8 14. Nf4 Qg5 15. Qd2 Nb6 16. h4 Qa5 17. Qd4 Rad8 18. Kb1 Qe5 19. Nfe2 Ra8 20. Rhf1 Bb5 21. b3 Bxe2 22. Nxe2 Re7 23. Nc3 Ree8 24. Rd2 Qg3 25. Rh1 Re5 26. Rh3 Qg6 27. g4 Ree8 28. Ne2 Qe6 29. h5 Qe5 30. Qd3 h6 31. Nd4 Rac8 32. Nf5 Qf4 33. Rg2 Qe5 34. g5 hxg5 35. Rxg5 1-0

[Event "FIN-ch Seniors"]
[Site "Lahti"]
[Date "2005.06.17"]
[Round "4"]
[White "Lardot, Derik"]
[Black "Pihlajamaki, Antti"]
[Result "1-0"]
[WhiteElo "2034"]
[BlackElo "2049"]
[PlyCount "61"]
[EventDate "2005.06.14"]
[EventType "tourn"]
[EventRounds "5"]
[EventCountry "FIN"]
[SourceTitle "EXT 2007"]
[Source "ChessBase"]
[SourceDate "2006.11.23"]
[SourceVersion "1"]
[SourceVersionDate "2006.11.23"]
[SourceQuality "1"]

1. e4 c5 2. c3 d5 3. exd5 Qxd5 4. d4 Nf6 5. Nf3 Bg4 6. Be2 cxd4 7. cxd4 e6 8. Nc3 Bb4 9. 0-0 Bxc3 10. bxc3 0-0 11. Qb3 Qe4 12. Bd1 Nbd7 13. Re1 Qc6 14. h3 Bf5 15. c4 Rac8 16. Ba3 Rfe8 17. Rc1 h6 18. Qe3 Be4 19. Ne5 Qc7 20. Bb3 Bc6 21. Qd3 Rcd8 22. f4 Nxe5 23. fxe5 Nh5 24. Qe3 f5 25. d5 exd5 26. cxd5 Kh7 27. dxc6 bxc6 28. Bd6 Rxd6 29. exd6 Rxe3 30. dxc7 Rxe1+ 31. Rxe1 1-0

[Event "Oulu We Sh 77 op"]
[Site "Oulu"]
[Date "2005.02.27"]
[Round "4"]
[White "Peltomaa, Jukka"]
[Black "Lardot, Derik"]
[Result "1-0"]
[WhiteElo "1887"]
[BlackElo "1986"]
[PlyCount "93"]
[EventDate "2005.02.26"]
[EventType "swiss"]
[EventRounds "5"]
[EventCountry "FIN"]
[SourceTitle "EXT 2007"]
[Source "ChessBase"]
[SourceDate "2006.11.23"]
[SourceVersion "1"]
[SourceVersionDate "2006.11.23"]
[SourceQuality "1"]

1. d4 f5 2. g3 g6 3. Bg2 Bg7 4. c4 Nf6 5. Nc3 d6 6. d5 c6 7. Nh3 cxd5 8. cxd5 Nbd7 9. Nf4 Ne5 10. 0-0 0-0 11. Ne6 Bxe6 12. dxe6 Rb8 13. Qb3 Qc8 14. Nd5 Nc6 15. Be3 Kh8 16. Nf4 Ng4 17. Rab1 Nxe3 18. Qxe3 Qd8 19. h4 Qa5 20. Qb3 Nd4 21. Qd5 Qxd5 22. Bxd5 Rfc8 23. Rfc1 Rc5 24. Rxc5 dxc5 25. b4 cxb4 26. Rxb4 Be5 27. e3 Nc6 28. Rc4 Rc8 29. Nd3 Bd6 30. e4 fxe4 31. Bxe4 Kg7 32. Bd5 Kf6 33. f4 Rc7 34. Kg2 Nd8 35. Rxc7 Bxc7 36. Nc5 h5 37. Kf3 b6 38. Ne4+ Kg7 39. Ke3 b5 40. Kd3 Bb6 41. Kc3 a5 42. Kb3 g5 43. hxg5 Kg6 44. Kc3 Kf5 45. Kd3 Nxe6 46. Bxe6+ Kxe6 47. g6 1-0

[Event "Oulu We Sh 77 op"]
[Site "Oulu"]
[Date "2005.02.26"]
[Round "1"]
[White "Lardot, Derik"]
[Black "Sassi, Pekka"]
[Result "1/2-1/2"]
[WhiteElo "1985"]
[BlackElo "1965"]
[PlyCount "84"]
[EventDate "2005.02.26"]
[EventType "swiss"]
[EventRounds "5"]
[EventCountry "FIN"]
[SourceTitle "EXT 2007"]
[Source "ChessBase"]
[SourceDate "2006.11.23"]
[SourceVersion "1"]
[SourceVersionDate "2006.11.23"]
[SourceQuality "1"]

1. e4 c5 2. c3 Nf6 3. e5 Nd5 4. Bc4 Nb6 5. Bb3 d5 6. exd6 Qxd6 7. Nf3 Nc6 8. d4 cxd4 9. cxd4 Bf5 10. Nc3 e6 11. 0-0 Be7 12. d5 exd5 13. Nxd5 Nxd5 14. Qxd5 Qxd5 15. Bxd5 Rd8 16. Bxc6+ bxc6 17. Be3 c5 18. Rac1 Rd5 19. Rc3 0-0 20. Rfc1 Rfd8 21. h3 Rd1+ 22. Rxd1 Rxd1+ 23. Kh2 Rd3 24. Rc4 Be6 25. Ra4 Rd7 26. Ra5 f6 27. b3 Rc7 28. Nd2 f5 29. Nf3 h6 30. Ne1 g5 31. Nd3 c4 32. bxc4 Bxc4 33. Nb2 Bd6+ 34. g3 Bf7 35. Rxf5 Rc2 36. Bd4 Ba3 37. Rb5 Bxb2 38. Bxb2 Rxf2+ 39. Kg1 Re2 40. Rb8+ Kh7 41. Rb7 Kg6 42. Bd4 Rxa2 1/2-1/2

[Event "Oulu We Sh 77 op"]
[Site "Oulu"]
[Date "2005.02.26"]
[Round "2"]
[White "Manninen, Anssi"]
[Black "Lardot, Derik"]
[Result "1/2-1/2"]
[WhiteElo "1920"]
[BlackElo "1985"]
[PlyCount "65"]
[EventDate "2005.02.26"]
[EventType "swiss"]
[EventRounds "5"]
[EventCountry "FIN"]
[SourceTitle "EXT 2007"]
[Source "ChessBase"]
[SourceDate "2006.11.23"]
[SourceVersion "1"]
[SourceVersionDate "2006.11.23"]
[SourceQuality "1"]

1. d4 g6 2. c4 Bg7 3. Nc3 d6 4. e4 Nf6 5. Be2 0-0 6. Bg5 Nbd7 7. Qd2 Re8 8. h4 e5 9. d5 a6 10. h5 Qe7 11. 0-0-0 Qf8 12. hxg6 fxg6 13. f3 Nh5 14. g4 Nf4 15. Nh3 Nxe2+ 16. Qxe2 h6 17. Be3 g5 18. Nxg5 hxg5 19. Bxg5 Qf7 20. Rh3 Nf8 21. Rdh1 Qg6 22. Bh6 Re7 23. Qh2 Bd7 24. Ne2 Kf7 25. Ng3 Bxh6+ 26. Rxh6 Qg5+ 27. Kb1 Ke8 28. Rh8 Rf7 29. Nf5 Bxf5 30. gxf5 Kd7 31. Rg1 Qf6 32. Rg6 Nxg6 33. Rxa8 1/2-1/2

[Event "Kuopio We KSY"]
[Site "Kuopio"]
[Date "2005.??.??"]
[Round "4"]
[White "Linqvist, Grels"]
[Black "Lardot, Derik"]
[Result "1/2-1/2"]
[WhiteElo "2067"]
[BlackElo "2029"]
[PlyCount "74"]
[EventDate "2005.??.??"]
[EventType "swiss"]
[EventRounds "5"]
[EventCountry "FIN"]
[SourceTitle "EXT 2022"]
[Source "ChessBase"]
[SourceDate "2021.10.06"]
[SourceVersion "1"]
[SourceVersionDate "2021.10.06"]
[SourceQuality "1"]

1. c4 g6 2. Nc3 Bg7 3. g3 e5 4. Bg2 d6 5. e3 Nd7 6. Nge2 Ne7 7. d4 0-0 8. 0-0 f5 9. f4 e4 10. b3 Nf6 11. d5 Nd7 12. Ba3 a5 13. Rc1 Nc5 14. Bxc5 dxc5 15. Nb5 Rf6 16. Nec3 Bd7 17. Rf2 Nc8 18. Rd2 Nd6 19. a4 Rf7 20. Kh1 Bf6 21. Bf1 h6 22. h3 g5 23. Rg2 Rh7 24. Be2 h5 25. fxg5 Bxg5 26. Qd2 Kh8 27. h4 Bf6 28. Nxd6 cxd6 29. Rcg1 Qe7 30. Bd1 Rg8 31. Ne2 Be5 32. Nf4 Bxf4 33. exf4 b6 34. Qe3 Qf6 35. Kh2 Be8 36. Kh1 Qd4 37. Re1 Qxe3 1/2-1/2

[Event "Rilton Cup 34th"]
[Site "Stockholm"]
[Date "2004.12.31"]
[Round "5"]
[White "Lardot, Derik"]
[Black "Nystrom, Ragnar"]
[Result "1-0"]
[WhiteElo "2029"]
[BlackElo "2082"]
[PlyCount "97"]
[EventDate "2004.12.27"]
[EventType "swiss"]
[EventRounds "9"]
[EventCountry "SWE"]
[SourceTitle "CBM 104 Extra"]
[Source "ChessBase"]
[SourceDate "2005.03.01"]
[SourceVersion "1"]
[SourceVersionDate "2005.03.01"]
[SourceQuality "1"]

1. e4 e6 2. d4 d5 3. Nd2 Nf6 4. e5 Nfd7 5. Bd3 c5 6. c3 Nc6 7. Ne2 Qb6 8. Nf3 cxd4 9. cxd4 f6 10. exf6 Nxf6 11. 0-0 Bd6 12. Bf4 Bxf4 13. Nxf4 Qxb2 14. Re1 0-0 15. Nxe6 Bxe6 16. Rxe6 Rae8 17. Rxe8 Rxe8 18. Qc1 Qb4 19. Rb1 Qe7 20. Qb2 Nd8 21. Ne5 b6 22. Bb5 Rf8 23. f3 Ne6 24. Rc1 Qb7 25. Qc3 a6 26. Bd3 b5 27. Bf5 Qb6 28. Bxe6+ Qxe6 29. Qc6 Qf5 30. g4 Nxg4 31. Qxd5+ Kh8 32. fxg4 Qf4 33. Rd1 g6 34. Qg2 Rc8 35. Kh1 Qe3 36. Qf3 Qxf3+ 37. Nxf3 Rc3 38. Kg2 Rc2+ 39. Rd2 Rc8 40. Kf2 Kg7 41. Ke3 Kf6 42. Ke4 Re8+ 43. Ne5 h5 44. gxh5 gxh5 45. Rg2 Rc8 46. Rg6+ Ke7 47. Rc6 Rg8 48. Rxa6 Rg2 49. Nf3 1-0